书目信息 |
| 题名: |
图表细说电子技师速成手册
|
|
| 作者: | 胡斌 编著 | |
| 分册: | ||
| 出版信息: | 北京 电子工业出版社 2007.09 |
|
| 页数: | 18, 634页 | |
| 开本: | 26cm | |
| 丛书名: | 图表细说系列丛书 | |
| 单 册: | ||
| 中图分类: | TN01-62 | |
| 科图分类: | ||
| 主题词: | 电子技术--dian zi ji shu--手册 | |
| 电子资源: | ||
| ISBN: | 978-7-121-04967-5 | |
| 000 | 00915nam 2200253 450 | |
| 001 | 012008493239 | |
| 005 | 20080807095254.42 | |
| 010 | @a978-7-121-04967-5@dCNY59.00 | |
| 100 | @a20080807d2007 em y0chiy0120 ea | |
| 101 | 0 | @achi |
| 102 | @aCN@b110000 | |
| 105 | @aak z 000yy | |
| 106 | @ar | |
| 200 | 1 | @a图表细说电子技师速成手册@Atu biao xi shuo dian zi ji shi su cheng shou ce@f胡斌编著@Fhu bin bian zhu |
| 210 | @a北京@c电子工业出版社@d2007.09 | |
| 215 | @a18, 634页@c图@d26cm | |
| 225 | 2 | @a图表细说系列丛书@Atu biao xi shuo xi lie cong shu |
| 330 | @a本书全面讲解电子技师所必备的知识和技能,内容包括电子技术基础知识、万用表的使用方法、通用电子元器件及常用电路的原理及故障检修方法等。 | |
| 410 | 0 | @12001 @a图表细说系列丛书 |
| 606 | 0 | @a电子技术@Adian zi ji shu@j手册 |
| 690 | @aTN01-62@v4 | |
| 701 | 0 | @a胡斌@Ahu bin@4编著 |
| 801 | 0 | @aCN@bQSSK@c20080807 |
| 905 | @b732348-50@dTN01-62@eH455@f3 | |
| 图表细说电子技师速成手册/胡斌编著.-北京:电子工业出版社,2007.09 |
| 18, 634页:图;26cm.-(图表细说系列丛书) |
| ISBN 978-7-121-04967-5:CNY59.00 |
| 本书全面讲解电子技师所必备的知识和技能,内容包括电子技术基础知识、万用表的使用方法、通用电子元器件及常用电路的原理及故障检修方法等。 |
| ● |
| 相关链接 |
|
|
|
正题名:图表细说电子技师速成手册
索取号:TN01-62/H455
 
预约/预借
| 序号 | 登录号 | 条形码 | 馆藏地/架位号 | 状态 | 备注 |
| 1 | 732348 | 207323485 | 自科库301/301自科库 24排2列5层/ [索取号:TN01-62/H455] | 在馆 | |
| 2 | 732349 | 207323494 | 自科库301/301自科库 24排2列5层/ [索取号:TN01-62/H455] | 在馆 | |
| 3 | 732350 | 207323500 | 自科库301/301自科库 17排3列5层/ [索取号:TN01-62/H455] | 在馆 |